| 000 | 01056nam a2200289 i 4500 | ||
|---|---|---|---|
| 003 | DO-SdBNP | ||
| 005 | 20250606112336.0 | ||
| 007 | ta | ||
| 008 | 240307b2001 dr ac||| |||| 00| 0 spa d | ||
| 020 | _a9993423262 | ||
| 040 |
_aDO-SdBNP _bspa _cBNPHU _erda |
||
| 041 | _hspa | ||
| 082 | 4 |
_axxx _bM647v _222 |
|
| 100 | 1 |
_aMiller, Jeannette, _d1944- _eautor _4aut. _983484 |
|
| 245 | 1 | 0 |
_aTesoros de arte del banco popular dominicano / _cJeannette Miller ; traducción al inglés, Donna Hicks de Pérez-Mera |
| 264 | 1 |
_aSanto Domingo : _bBanco Popular Dominicano, _c2001. |
|
| 300 |
_a412 páginas : _blustraciones, retratos ; _c36 cm. |
||
| 336 |
_atexto _btxt _2rdacontent |
||
| 337 |
_2rdamedia _asin mediación _bn |
||
| 338 |
_avolumen _bnc _2rdacarrier |
||
| 500 | _aIncluye datos biográficos de la autora en las solapas | ||
| 586 | _aFinalista Premio Internacional de Novela Casa de Teatro 2005 | ||
| 590 | _aInventariado, 2024/ BT | ||
| 700 | 1 |
_aVeloz Maggiolo, Marcio, _d1936-2021 _etraductor _4tr. _91104 |
|
| 910 | _aBtavárez | ||
| 942 |
_2ddc _cLBS1 |
||
| 999 |
_c56057 _d56057 |
||